Представление документа в формате RUSMARC

ПолеНазваниеЗначение
  Тип записи a
  Библиографический уровень m
001 Контрольный номер e94ffad0ddaa4f5c959cdde14d3f8bf2
005 Дата корректировки 20170613104730.6
010 Индекс ISBN __
a ISBN 978-5-394-00588-6
d Цена 299 руб. 00 к.
101 Язык документа 0_
a Язык текста rus
102 Страна публикации __
a Страна публикации RU
200 Заглавие и сведения об ответственности 1_
a Заглавие Комплексный экономический анализ хозяйственной деятельности
e Сведения, относящиеся к заглавию Учебник
f Первые сведения об ответственности М.В. Косолапова, В.А. Свободин
210 Выходные данные 1_
a Место издания М.:
c Издательство Издательско-торговая корпорация "Дашков и К"
d Дата издания 2016
215 Физическое описание __
a Объем 248 с.
610 Ключевые слова 0_
a Ключевые слова Анализ технологической подсистемы организации
a Ключевые слова Анализ социального развития организации
a Ключевые слова Анализ экономической подсистемы организации
a Ключевые слова Анализ организационно-управленческой подсистемы организации
686 Индексы других классификаций __
a Классификационный индекс 65.29
700 Автор _1
a Фамилия Косолапова М.В.
801 Источник записи _0
a Страна RU
b Организация РУК
g Правила каталогизации PSBO
801 Источник записи _1
a Страна RU
b Организация РУК
g Правила каталогизации PSBO
852 Данные о местонахождении __
i Авторский знак К 71
901 Тип документа __
t Тип документа m
937 Технологическая информация __
a Создатель записи (имя) Иванова
938 Служебная информация __
a Название организации Краснодарский филиал
952 Тип литературы __
b Гриф литературы для ВШ гриф МО